01677nam a2200169 a 450000100100000000500170001000800410002704000250006808200150009324501500010826000280025830000350028650510380032153400760135970000390143570000330147400002316720200930022030.0101129s1985 mx r 000 | spa d aDO-SdBNPbspacBNPHU axxxbP467s10aPerspectivas social y política sobre directrices de energía /ceditado por Karen M. Gentemann ; traducción de Rosa María Arroyo Tepichin. aMexico :bNoema,c1985. a262 p. :bil., mapas ;c21 cm.0 tIntroducción /rThomas J. WilbankstProblemas, dilemas y la crisis de energía /rDavid W. OrrtEvolución de la tecnología: una perspectiva del impacto social en las tecnologías de la energía alternativa /rRoger P. HansentComparaciones del uso de la energía entre países: implicaciones para la política de los Estados Unidos /rJoel DarmstadtertCostos de energía en aumento y el pobre: nuevos retos para la organización de la comunidad /rJohn W. Hatch y Tony L. WhiteheadtEvaluación de los impactos sociales sobre la conservación de la energía /rMarvin E. OlsontConsecuencias para la salud de los sistemas de energía alternativa /rCarl M. ShytAltruismo y conservación de la energía: generando apoyo público /rElizabeth MartintAspectos intergubernamentales, institucionales y sociales de los sistemas nacionales de producción de energía /rEdward L. HelminskiaFunciones gubernamentales en la administración de energía: una perspectiva de investigación y agenda/rAnne D. Stubbs aTítulo original :tSocial and political perspectives on energy policy1 aArroyo Tepichin, Rosa Maríaetr.1 aWilbanks, Thomas J.eintrod.